00354cam a2200121 4500020001800000041000800018082001500026100001500041245005900056260003700115300004000152650004000192 a9789352878499 aENG a954.6bSEN1 aSen, L. P.10aSlender was the thread: Kashmir confrontation, 1947-48 aBombay,bOrient Longmansc[1969] axii, 308 p.billus., facsim., maps. aJammu and Kashmir (India)--History.